000
00309nam a2200133Ia 4500
008
140130s9999 xx 000 0 und d
245
_c
Andrease, Giles
_a
Giraffes can't dance
260
_b
Scholastic,
_c
1999
300
_a
29
440
_v
1
521
_a
Grade 1 - Grade 2
942
_c
BK
999
_c
40380
_d
40380